Papelucho

محفوظ في:
التفاصيل البيبلوغرافية
التنسيق: كتاب
اللغة:الإسبانية
منشور في: Santiago Universitaria 2001
الطبعة:83a. ed
سلاسل:Colección Papelucho, 1
الموضوعات:
الوسوم: إضافة وسم
لا توجد وسوم, كن أول من يضع وسما على هذه التسجيلة!

MARC

LEADER 00000nam a2200000 a 4500
001 UCN5232
003 CL-VaPUC
008 010824e20010700CL |||||||||||||||||spa|d
082 0 4 |a Ch863  |b PAZ  |2 21 
245 1 0 |a Papelucho 
250 |a 83a. ed 
300 |a 125 p 
942 |c BK 
945 |d 20010824 00:00:00  |a cmena 
260 |a Santiago  |b Universitaria  |c 2001 
650 0 |a Novelas chilenas   |9 265425 
650 0 |a Literatura chilena   |9 308278 
583 |a last modification  |c 20010824 00:00:00  |k Rodrigo Vera 
490 0 |a Colección Papelucho, 1 
999 |c 296888  |d 296886 
952 |0 0  |1 0  |4 0  |6 CH_863_000000000000000_PAZ_2001  |7 0  |8 A  |9 351168  |a BIBEDU  |b BIBEDU  |c ES_NOD  |d 2019-11-21  |i 3749878  |l 1  |o Ch863 PAZ 2001  |p 3749878  |r 2024-05-31  |s 2024-05-31  |w 2019-11-21  |y BK  |k CUE